Martín, carolina y nicolás : aprestamiento para la primera etapa de primer ciclo /
Guardado en:
| Autor Principal: | |
|---|---|
| Otros Autores: | |
| Formato: | Libro |
| Publicado: |
Buenos Aires :
Kapelusz,
1985
|
| Materias: | |
| Etiquetas: |
Agregar Etiqueta
Sin Etiquetas, Sea el primero en etiquetar este registro!
|
| LEADER | 00705nam a22002055a 4500 | ||
|---|---|---|---|
| 001 | CEM.cems012483 | ||
| 005 | 20070419150205.0 | ||
| 008 | 130507s1985##################000#0#####d | ||
| 003 | CEMS | ||
| 020 | |a 9501300560 | ||
| 082 | 0 | 4 | |a 372.24 |
| 100 | 1 | |a Reigosa de Cañeque, Hilda | |
| 245 | 1 | 0 | |a Martín, carolina y nicolás : |b aprestamiento para la primera etapa de primer ciclo / |c Hilda Reigosa de Cañeque ; susana Pazos de Costa |
| 260 | |a Buenos Aires : |b Kapelusz, |c 1985 | ||
| 300 | |a 108 p. | ||
| 653 | |a Bibliteca maría de los angeles saggio | ||
| 653 | |a Educación inicial | ||
| 653 | |a Lengua-1º egb | ||
| 700 | 1 | |a Pazos de Costa, Susana | |
| 859 | |a CEMS |b BIB. CEMS - 11 de abril |h 372.24 |i R275 |p 23730.07 |t Ej.1 | ||
